Detalles MARC
| 000 -CABECERA |
| campo de control de longitud fija |
01452nam a2200337 a 4500 |
| 001 - NÚMERO DE CONTROL |
| campo de control |
000021982 |
| 005 - FECHA Y HORA DE LA ÚLTIMA TRANSACCIÓN |
| campo de control |
20200930011530.0 |
| 008 - DATOS DE LONGITUD FIJA--INFORMACIÓN GENERAL |
| campo de control de longitud fija |
091120s2014 dr a 000 0 spa d |
| 020 ## - NÚMERO INTERNACIONAL ESTÁNDAR DEL LIBRO |
| Número Internacional Estándar del Libro |
9945495496 (v. 0) |
| 020 ## - NÚMERO INTERNACIONAL ESTÁNDAR DEL LIBRO |
| Número Internacional Estándar del Libro |
994549550X (v. 1) |
| 040 ## - FUENTE DE LA CATALOGACIÓN |
| Centro catalogador/agencia de origen |
DO-SdBNP |
| Lengua de catalogación |
spa |
| Centro/agencia transcriptor |
BNPHU |
| 082 ## - NÚMERO DE LA CLASIFICACIÓN DECIMAL DEWEY |
| Número de clasificación |
xxxx |
| Número de documento/Ítem |
xxxx |
| 100 1# - ENTRADA PRINCIPAL--NOMBRE DE PERSONA |
| Nombre de persona |
Veles, Adalgisa |
| 9 (RLIN) |
29831 |
| 245 10 - MENCIÓN DE TÍTULO |
| Título |
Capullito : |
| Resto del título |
nivel inicial / |
| Mención de responsabilidad, etc. |
Adalgisa Veles, ; colaboración Viviana Falcón ; producción editorial María del Jesús de la Rosa ; ilustraciones Ramón L. Sandoval, Henry Cib. |
| 250 ## - MENCIÓN DE EDICIÓN |
| Mención de edición |
6ta. ed. rev. y actualizada |
| 260 ## - PUBLICACIÓN, DISTRIBUCIÓN, ETC. |
| Lugar de publicación, distribución, etc. |
Santo Domingo : |
| Nombre del editor, distribuidor, etc. |
Actualidad escolar, |
| Fecha de publicación, distribución, etc. |
2014. |
| 300 ## - DESCRIPCIÓN FÍSICA |
| Extensión |
4 v. : |
| Otras características físicas |
il. ; |
| Dimensiones |
22 cm. |
| 490 1# - MENCIÓN DE SERIE |
| Mención de serie |
Araya |
| 500 ## - NOTA GENERAL |
| Nota general |
Incluyen el libro de texto y el libro del maestro. |
| 500 ## - NOTA GENERAL |
| Nota general |
La biblioteca solamente posee los volumenes 0 y 1. |
| 500 ## - NOTA GENERAL |
| Nota general |
Libros para niños de 2 a 3 años de edad. |
| 505 0# - NOTA DE CONTENIDO CON FORMATO |
| Información miscelánea |
v. 0 : |
| Título |
El primer día de clases -- |
| -- |
Ricitos de oro -- |
| -- |
La fiesta en el jardín -- |
| -- |
Patito feo -- |
| 505 0# - NOTA DE CONTENIDO CON FORMATO |
| Información miscelánea |
v. 1 : |
| Título |
Vamos a la escuela -- |
| -- |
Pinocho -- |
| -- |
Soy dominicano -- |
| -- |
La ensalada de la abuela -- |
| -- |
La abeja Lotty -- |
| -- |
Viaje al universo -- |
| 700 1# - PUNTO DE ACCESO ADICIONAL--NOMBRE DE PERSONA |
| Nombre de persona |
Cid, Henry |
| Término indicativo de función/relación |
il. |
| 9 (RLIN) |
346 |
| 700 1# - PUNTO DE ACCESO ADICIONAL--NOMBRE DE PERSONA |
| Nombre de persona |
Falcón, Viviana |
| Término indicativo de función/relación |
col. |
| 9 (RLIN) |
29832 |
| 700 1# - PUNTO DE ACCESO ADICIONAL--NOMBRE DE PERSONA |
| Nombre de persona |
Sandoval, Ramón L. |
| Término indicativo de función/relación |
il. |
| 9 (RLIN) |
29585 |
| 700 1# - PUNTO DE ACCESO ADICIONAL--NOMBRE DE PERSONA |
| Nombre de persona |
Jesús de la Rosa, María del |
| Término indicativo de función/relación |
prod. ed. |
| 9 (RLIN) |
29833 |
| 700 1# - PUNTO DE ACCESO ADICIONAL--NOMBRE DE PERSONA |
| Nombre de persona |
Cid, Henry |
| Término indicativo de función/relación |
il. |
| 9 (RLIN) |
346 |
| 700 1# - PUNTO DE ACCESO ADICIONAL--NOMBRE DE PERSONA |
| Nombre de persona |
Sandoval, Ramón L., |
| Término indicativo de función/relación |
il. |
| 9 (RLIN) |
29585 |
| 830 #0 - PUNTO DE ACCESO ADICIONAL DE SERIE-TÍTULO UNIFORME |
| Título uniforme |
Araya |
| 9 (RLIN) |
29834 |